Szent-Györgyi-emlékév
Elmentve itt :
| Dokumentumtípus: | Cikk |
|---|---|
| Megjelent: |
2007-12-05
|
| Sorozat: | Délmagyarország
97 No. 283 |
| Kulcsszavak: | Szent-Györgyi Albert emlékév |
| Online Access: | http://dmarchiv.bibl.u-szeged.hu/127616 |
| LEADER | 00412nab a2200145 i 4500 | ||
|---|---|---|---|
| 001 | delm127616 | ||
| 005 | 20191213091742.0 | ||
| 008 | 191213s2007 hu o 0|| hun d | ||
| 040 | |a SZTE Délmagyarország Archívum |b hun | ||
| 041 | |a hun | ||
| 245 | 0 | 0 | |a Szent-Györgyi-emlékév |h [elektronikus dokumentum] |
| 260 | |c 2007-12-05 | ||
| 300 | |a 8 | ||
| 490 | 0 | |a Délmagyarország |v 97 No. 283 | |
| 695 | |a Szent-Györgyi Albert emlékév | ||